| 000 | 00509nam a2200181Ia 4500 | ||
|---|---|---|---|
| 003 | GCL | ||
| 008 | 140319s9999 xx 000 0 ara d | ||
| 040 |
_aGCL / _cGCL |
||
| 082 | 0 | 4 |
_a611.3 _bا ج |
| 245 | 1 | 0 | _aجهاز الهضم فى صحتة ومرضة |
| 260 |
_a[S.N] : _bدار الكتاب اللبنانى ، _c1986 |
||
| 490 | _a | ||
| 650 | 0 | 4 | _aامراض |
| 650 | 0 | 4 | _aالصحة العامة |
| 650 | 0 | 4 | _aالصحة الوقائية |
| 650 | 0 | 4 | _aالجهاز الهضمى |
| 942 |
_2ddc _cBK |
||
| 999 |
_c37536 _d37536 |
||